Textbook of medical biochemistry / (Record no. 21314)
[ view plain ]
| 000 -LEADER | |
|---|---|
| fixed length control field | 01191cam a22003375a 4500 |
| 001 - CONTROL NUMBER | |
| control field | 17482683 |
| 005 - DATE AND TIME OF LATEST TRANSACTION | |
| control field | 20160303151025.0 |
| 008 - FIXED-LENGTH DATA ELEMENTS--GENERAL INFORMATION | |
| fixed length control field | 121003r20082007ii a frb 001 0 eng d |
| 010 ## - LIBRARY OF CONGRESS CONTROL NUMBER | |
| LC control number | 2012471693 |
| 020 ## - INTERNATIONAL STANDARD BOOK NUMBER | |
| International Standard Book Number | 9788184481341 (pbk.) |
| 020 ## - INTERNATIONAL STANDARD BOOK NUMBER | |
| International Standard Book Number | 8184481349 (pbk.) |
| 035 ## - SYSTEM CONTROL NUMBER | |
| System control number | (OCoLC)ocn769627007 |
| 040 ## - CATALOGING SOURCE | |
| Original cataloging agency | SINLB |
| Language of cataloging | eng |
| Transcribing agency | SINLB |
| Modifying agency | SINLB |
| -- | YDXCP |
| -- | BWX |
| -- | MUU |
| -- | NTE |
| -- | UKMGB |
| -- | DLC |
| -- | EG-ScBUE |
| 082 04 - DEWEY DECIMAL CLASSIFICATION NUMBER | |
| Classification number | 612.015 |
| Item number | CHA |
| Edition number | 22 |
| 100 1# - MAIN ENTRY--PERSONAL NAME | |
| Personal name | Chatterjea, M. N. |
| 9 (RLIN) | 39478 |
| 245 10 - TITLE STATEMENT | |
| Title | Textbook of medical biochemistry / |
| Statement of responsibility, etc | M. N. Chatterjea, Rana Shinde. |
| 246 3# - VARYING FORM OF TITLE | |
| Title proper/short title | Medical biochemistry |
| 250 ## - EDITION STATEMENT | |
| Edition statement | 7th ed., Reprinted ed. |
| 260 ## - PUBLICATION, DISTRIBUTION, ETC. (IMPRINT) | |
| Place of publication, distribution, etc | New Delhi : |
| Name of publisher, distributor, etc | Jaypee Brothers Medical Publications (P) Ltd., |
| Date of publication, distribution, etc | 2008. |
| 300 ## - PHYSICAL DESCRIPTION | |
| Extent | xiv, 809 p. : |
| Other physical details | ill. (col.) ; |
| Dimensions | 28 cm. |
| 500 ## - GENERAL NOTE | |
| General note | Index : p. [803]-809. |
| 504 ## - BIBLIOGRAPHY, ETC. NOTE | |
| Bibliography, etc | Includes bibliographical references. |
| 650 #7 - SUBJECT ADDED ENTRY--TOPICAL TERM | |
| Topical term or geographic name as entry element | Biochemistry. |
| Source of heading or term | BUEsh |
| 9 (RLIN) | 18368 |
| 650 #0 - SUBJECT ADDED ENTRY--TOPICAL TERM | |
| Topical term or geographic name as entry element | Clinical biochemistry. |
| Source of heading or term | BUEsh |
| 651 ## - SUBJECT ADDED ENTRY--GEOGRAPHIC NAME | |
| Source of heading or term | BUEsh |
| 653 ## - INDEX TERM--UNCONTROLLED | |
| Resource For college | Pharmacy |
| Arrived date list | March2016 |
| 700 1# - ADDED ENTRY--PERSONAL NAME | |
| Personal name | Shinde, Rana. |
| 906 ## - LOCAL DATA ELEMENT F, LDF (RLIN) | |
| a | 7 |
| b | cbc |
| c | copycat |
| d | 2 |
| e | ncip |
| f | 20 |
| g | y-gencatlg |
| 942 ## - ADDED ENTRY ELEMENTS (KOHA) | |
| Source of classification or shelving scheme | Dewey Decimal Classification |
| Withdrawn status | Item status | Source of classification or shelving scheme | Damaged status | Not for loan | Vendor | Home library | Current library | Shelving location | Date acquired | Source of acquisition | Cost, normal purchase price | Serial Enumeration / chronology | Total Checkouts | Total Renewals | Full call number | Barcode | Date last seen | Date last borrowed | Cost, replacement price | Koha item type |
|---|---|---|---|---|---|---|---|---|---|---|---|---|---|---|---|---|---|---|---|---|
| Dewey Decimal Classification | Central Library | Central Library | First floor | 03/03/2016 | Purchase | 325.00 | 2 | 3 | 24 | 612.015 CHA | 000031871 | 15/07/2025 | 05/03/2018 | 405.00 | Book - Borrowing |